<?xml version="1.0" encoding="UTF-8"?>
<record
    xmlns:xsi="http://www.w3.org/2001/XMLSchema-instance"
    xsi:schemaLocation="http://www.loc.gov/MARC21/slim http://www.loc.gov/standards/marcxml/schema/MARC21slim.xsd"
    xmlns="http://www.loc.gov/MARC21/slim">

  <leader>03631nam a2200469   4500</leader>
  <controlfield tag="001">21195024</controlfield>
  <controlfield tag="003">3228</controlfield>
  <controlfield tag="005">20211020102156.0</controlfield>
  <controlfield tag="008">190906t20192019sa       b    001 0 eng d</controlfield>
  <datafield tag="010" ind1=" " ind2=" ">
    <subfield code="a"> </subfield>
  </datafield>
  <datafield tag="020" ind1=" " ind2=" ">
    <subfield code="a">9780796924421</subfield>
    <subfield code="q">(paperback)</subfield>
  </datafield>
  <datafield tag="020" ind1=" " ind2=" ">
    <subfield code="a">0796924422</subfield>
    <subfield code="q">(paperback)</subfield>
  </datafield>
  <datafield tag="035" ind1=" " ind2=" ">
    <subfield code="a"> </subfield>
  </datafield>
  <datafield tag="040" ind1=" " ind2=" ">
    <subfield code="a">Z@L</subfield>
    <subfield code="b">eng</subfield>
    <subfield code="c"> 3228</subfield>
    <subfield code="e">rda</subfield>
    <subfield code="d"> </subfield>
    <subfield code="d"> </subfield>
    <subfield code="d"> </subfield>
    <subfield code="d"> </subfield>
    <subfield code="d"> </subfield>
    <subfield code="d"> </subfield>
    <subfield code="d"> </subfield>
    <subfield code="d"> </subfield>
  </datafield>
  <datafield tag="042" ind1=" " ind2=" ">
    <subfield code="a"> </subfield>
  </datafield>
  <datafield tag="043" ind1=" " ind2=" ">
    <subfield code="a"> </subfield>
  </datafield>
  <datafield tag="050" ind1="0" ind2="0">
    <subfield code="a"> </subfield>
    <subfield code="b"> </subfield>
  </datafield>
  <datafield tag="082" ind1="0" ind2="4">
    <subfield code="a">305.5690968 POVE</subfield>
    <subfield code="2"> </subfield>
  </datafield>
  <datafield tag="100" ind1=" " ind2=" ">
    <subfield code="9">81608</subfield>
    <subfield code="a"> SOUDIEN, Crain , </subfield>
  </datafield>
  <datafield tag="245" ind1="0" ind2="0">
    <subfield code="a">Poverty &amp; inequality :</subfield>
    <subfield code="b">diagnosis prognosis responses : state of the nation /</subfield>
    <subfield code="c">edited by Soudien, Reddy and Woolard.</subfield>
  </datafield>
  <datafield tag="246" ind1="1" ind2=" ">
    <subfield code="a">Poverty and inequality</subfield>
  </datafield>
  <datafield tag="264" ind1=" " ind2="1">
    <subfield code="a">Cape Town, South Africa :</subfield>
    <subfield code="b">HSRC Press,</subfield>
    <subfield code="c">2019.</subfield>
  </datafield>
  <datafield tag="264" ind1=" " ind2="3">
    <subfield code="a">Cape Town :</subfield>
    <subfield code="b">Shumani Mills Communications,</subfield>
    <subfield code="c">[2019]</subfield>
  </datafield>
  <datafield tag="264" ind1=" " ind2="4">
    <subfield code="c">&#xA9;2019</subfield>
  </datafield>
  <datafield tag="300" ind1=" " ind2=" ">
    <subfield code="a">x, 326 pages :</subfield>
    <subfield code="b">illustrations ;</subfield>
    <subfield code="c">24 cm</subfield>
  </datafield>
  <datafield tag="336" ind1=" " ind2=" ">
    <subfield code="a"> </subfield>
    <subfield code="b"> </subfield>
    <subfield code="2"> </subfield>
  </datafield>
  <datafield tag="337" ind1=" " ind2=" ">
    <subfield code="a"> </subfield>
    <subfield code="b"> </subfield>
    <subfield code="2"> </subfield>
  </datafield>
  <datafield tag="338" ind1=" " ind2=" ">
    <subfield code="a"> </subfield>
    <subfield code="b"> </subfield>
    <subfield code="2"> </subfield>
  </datafield>
  <datafield tag="504" ind1=" " ind2=" ">
    <subfield code="a">Includes bibliographical references (pages 309-318) and index.</subfield>
  </datafield>
  <datafield tag="505" ind1="0" ind2=" ">
    <subfield code="a">South Africa 2018: the state of the discussion on poverty and inequality -- Part 1. South Africa and the world. South African inequalities in a global perspective -- Poverty and inequality: South Africa in a continental context -- South Africa and the struggle for international equality -- Part 2. Politics, ethics and the state. Post-apartheid inequality and the long shadow of history -- Poverty and rights: philosophical, historical and jurisprudential perspectives -- Realising socioeconomic rights: a reconceptualised constitutional dialogue -- `Accounting' for migrants in inequality and the future: the distance to openness -- Part 3. Economy. Wealth taxation as an instrument to reduce wealth inequality in South Africa -- Tradition meets modernity: Bafokeng approaches to overcoming poverty and inequality -- Indebtedness and aspiration in South Africa -- Part 4. Society. The National Development Plan as a response to poverty and inequality in South Africa -- Upgrading informal trading: Impacts on livelihoods and cohesion in Khayelitsha -- Abstract human right or material practice? Academic freedom in an unequal society -- Beyond the campus gate: Higher education and place-based development in South Africa.</subfield>
  </datafield>
  <datafield tag="520" ind1=" " ind2=" ">
    <subfield code="a">"While the world has seen a decline in absolute poverty, it has also seen a simultaneous rise in economic inequality. This is the case in all of the major economies as well as in emerging ones, including South Africa. Is there a South African explanation of poverty and inequality that is distinctive and different from an explanation of poverty and inequality that would be used in other contexts and countries? What are the familiar constants that characterise the interdependence of this ubiquitous pairing? How can the discussion on poverty and inequality be taken forward? Is wealth taxation a viable instrument to reduce wealth inequality in South Africa? In Poverty and Inequality: Diagnosis, Prognosis and Responses, the authors explore these and many others gritty questions as they analyse the complexity of poverty and inequality beyond an over-determination of the concepts by the economic or the wealth index in South Africa."--Publisher's description.</subfield>
  </datafield>
  <datafield tag="650" ind1=" " ind2="0">
    <subfield code="a">Equality</subfield>
    <subfield code="z">South Africa.</subfield>
    <subfield code="9">116554</subfield>
  </datafield>
  <datafield tag="650" ind1=" " ind2="0">
    <subfield code="a">Poverty</subfield>
    <subfield code="z">South Africa.</subfield>
    <subfield code="9">116555</subfield>
  </datafield>
  <datafield tag="650" ind1=" " ind2="0">
    <subfield code="a">Poor</subfield>
    <subfield code="z">South Africa.</subfield>
    <subfield code="9">116556</subfield>
  </datafield>
  <datafield tag="700" ind1="1" ind2=" ">
    <subfield code="a">Soudien, Crain,</subfield>
    <subfield code="e">editor.</subfield>
    <subfield code="9">116557</subfield>
  </datafield>
  <datafield tag="700" ind1="1" ind2=" ">
    <subfield code="a">Reddy, Vasu,</subfield>
    <subfield code="e">editor.</subfield>
    <subfield code="9">51001</subfield>
  </datafield>
  <datafield tag="700" ind1="1" ind2=" ">
    <subfield code="a">Woolard, Ingrid,</subfield>
    <subfield code="d">1970-</subfield>
    <subfield code="e">editor.</subfield>
    <subfield code="9">116558</subfield>
  </datafield>
  <datafield tag="906" ind1=" " ind2=" ">
    <subfield code="a"> </subfield>
    <subfield code="b"> </subfield>
    <subfield code="c"> </subfield>
    <subfield code="d"> </subfield>
    <subfield code="e"> </subfield>
    <subfield code="f"> </subfield>
    <subfield code="g"> </subfield>
  </datafield>
  <datafield tag="942" ind1=" " ind2=" ">
    <subfield code="2">ddc</subfield>
    <subfield code="c">BK</subfield>
  </datafield>
  <datafield tag="999" ind1=" " ind2=" ">
    <subfield code="c">577114</subfield>
    <subfield code="d">577113</subfield>
  </datafield>
  <datafield tag="952" ind1=" " ind2=" ">
    <subfield code="0">0</subfield>
    <subfield code="1">0</subfield>
    <subfield code="2">ddc</subfield>
    <subfield code="4">0</subfield>
    <subfield code="7">0</subfield>
    <subfield code="a">RIVEL</subfield>
    <subfield code="b">RIVEL</subfield>
    <subfield code="c">GEN</subfield>
    <subfield code="d">2021-10-20</subfield>
    <subfield code="l">0</subfield>
    <subfield code="o">305.5690968 POVE  </subfield>
    <subfield code="p">33228031011944</subfield>
    <subfield code="r">2021-10-20</subfield>
    <subfield code="w">2021-10-20</subfield>
    <subfield code="y">BK</subfield>
  </datafield>
</record>
